000 00423cam a2200145 a 4500
020 _a0688042236
050 0 0 _aDS712
_b.J43
100 1 _aJenkins, Peter,
245 1 0 _aAcross China
_cPeter Jenkins.
260 _a[New York, N.Y. :
_bW. Morrow],
_cc1986.
300 _a351 p., [8] p. of plates :
500 _a"A William Morrow/Sweet Springs Press book."
650 _bChina-desc ription and travel 1976
942 _2lcc
_cGEN
999 _c7092
_d7092